000
00283nam a2200109Ia 4500
008
190216s9999||||xx |||||||||||||| ||und||
100
_a
Olappamanna
245
0
_a
Chavuttukuzhacha Mannu
260
_b
Sahithya Pravarthaka Sahakarana Sangam
650
_a
Malayalam Nadakam
942
_c
BK
999
_c
24111
_d
24111